000 00347nam a2200145Ia 4500
008 150201s2006 xx 000 0 und d
082 _a530
_bA2006F
100 _aFLITTER,HESSEL H.
245 _aAN INTRODUCTION TO PHYSICS IN NURSING
250 _a7TH
260 _bAITBS
_aDELHI
_c2006
300 _a1-283
650 _aNURSING
942 _2ddc
_cBK
999 _c4079
_d4079